Ser joven en América Latina y el Caribe durante la segunda mitad del siglo XX: modelos de dominación, modelos de rebelión /

Salvato in:
Dettagli Bibliografici
Autore principale: Zúñiga Núñez, Mario
Natura: testo
Soggetti:
Tags: Aggiungi Tag
Nessun Tag, puoi essere il primo ad aggiungerne!!

MARC

LEADER 00000 a a2200000 04500
001 11824
003
040
100 |a Zúñiga Núñez, Mario  
245 |a Ser joven en América Latina y el Caribe durante la segunda mitad del siglo XX:   |b modelos de dominación, modelos de rebelión /  |c Mario Zúñiga Núñez 
650 |a JUVENTUD  
650 |a MORAL  
650 |a REVOLUCION  
650 |a COMERCIALIZACION SOCIAL  
650 |a SUBCULTURA  
650 |a ESTILOS DE VIDA  
650 |a IDENTIDAD CULTURAL  
650 |a SUBJETIVIDAD  
773 |g número 120; páginas 20-29  
999 |c 25779  |d 25779